Mineral resources of the South McCullough Mountains Wilderness Study Area, Clark County, Nevada /

Bibliographic Details
Corporate Author: Geological Survey (U.S.)
Other Authors: DeWitt, Ed
Format: Government Document Book
Language:English
Published: [Reston, Va.] : Dept. of the Interior, U.S. Geological Survey ; 1989.
Series:U.S. Geological Survey bulletin ; 1730-C.
Studies related to wilderness.
Mineral resources of wilderness study areas--southern Nevada ; ch. C.
Subjects:

MARC

Tag First Indicator Second Indicator Subfields
LEADER 00000cam a22000008a 4500
001 in00000877430
005 20151019125932.0
008 881220s1989 vauab b f00000 eng
010 |a gp 89012974  
010 |a  88600463  
035 |a (OCoLC)18985103 
035 |9 AEJ6790AM 
040 |a DLC  |c DLC  |d GPO  |d UtOrBLW 
043 |a n-us-nv 
050 0 |a QE75  |b .B9 no. 1730-C 
074 |a 620 
082 0 |a 557.3 s  |a 553/.09793/13  |2 19 
086 0 |a I 19.3:1730-C 
092 |a 553.09  |b M 1730-C 
245 0 0 |a Mineral resources of the South McCullough Mountains Wilderness Study Area, Clark County, Nevada /  |c by Ed De Witt [and others]. 
264 1 |a [Reston, Va.] :  |b Dept. of the Interior, U.S. Geological Survey ;  |c 1989. 
264 2 |a [Washington, D.C.?] :  |b For sale by the Books and Open-File Reports Section, 
300 |a vi, 24 pages :  |b illustrations, maps (some color) ;  |c 28 cm. 
336 |a text  |b txt  |2 rdacontent 
337 |a unmediated  |b n  |2 rdamedia 
338 |a volume  |b nc  |2 rdacarrier 
490 1 |a U.S. Geological Survey bulletin ;  |v 1730-C 
490 1 |a Studies related to wilderness 
490 1 |a Mineral resources of wilderness study areas--southern Nevada ;  |v ch. C 
500 |a Running title: South McCullough Mountains Wilderness Study Area. 
500 |a One map on 1 folded leaf in pocket. 
500 |a Shipping list number: 89-275-P. 
504 |a Bibliography: pages 22-24. 
650 0 |a Mines and mineral resources  |z Nevada  |z South McCullough Mountains Wilderness. 
651 0 |a South McCullough Mountains Wilderness (Nev.) 
700 1 |a DeWitt, Ed. 
710 2 |a Geological Survey (U.S.) 
740 0 |a South McCullough Mountains Wilderness Study Area. 
830 0 |a U.S. Geological Survey bulletin ;  |v 1730-C. 
830 0 |a Studies related to wilderness. 
830 0 |a Mineral resources of wilderness study areas--southern Nevada ;  |v ch. C. 
999 |a MARS 
999 f f |s 7523be23-fc2f-3ed4-9ae6-3ad30573644a  |i df8f8fd8-0adc-377d-a5d0-fb3f4d816b9d  |t 0 
952 f f |p normal  |a Texas A&M University  |b College Station  |c Sterling C. Evans Library  |d Evans: US Documents (Annex 5th floor)  |t 0  |e I 19.3:1730C-1730E  |h Superintendent of Documents classification  |i unmediated -- volume  |m A14818935371 
952 f f |a Texas A&M University  |b College Station  |c Sterling C. Evans Library  |d Evans: US Documents (Annex 5th floor)  |t 0  |e I 19.3:1730-C  |h Superintendent of Documents classification 
952 f f |a Texas A&M University  |b College Station  |c Sterling C. Evans Library  |d Halbouty Reading Rm (Halbouty Bldg 173) (Does not check out)  |t 0  |e 553.09 M 1730-C  |h Dewey Decimal classification 
998 f f |a I 19.3:1730C-1730E  |t 0  |l Evans: US Documents (Annex 5th floor) 
998 f f |a I 19.3:1730-C  |t 0  |l Evans: US Documents (Annex 5th floor) 
998 f f |a 553.09 M 1730-C  |t 0  |l Halbouty Reading Rm (Halbouty Bldg 173) (Does not check out)